Kiến thức ngày nay.
Sparad:
| Materialtyp: | Bok |
|---|---|
| Språk: | Vietnamese |
| Publicerad: |
Liên hiệp các hội văn học nghệ thuật TP HCM,
2018.
|
| Taggar: |
Lägg till en tagg
Inga taggar, Lägg till första taggen!
|
| Thư viện lưu trữ: | Mạng thư viện Đại học Đà Nẵng |
|---|
| LEADER | 01220nam a2200325 a 4500 | ||
|---|---|---|---|
| 001 | 000003845 | ||
| 003 | 00008 | ||
| 005 | 20180301144542.0 | ||
| 008 | 171229s2018 vie | ||
| 004 | 000003845 | ||
| 040 | |a LSK | ||
| 041 | 0 | |a VIE | |
| 082 | 0 | |a 306.4 |b Ki-T | |
| 245 | 0 | 0 | |a Kiến thức ngày nay. |
| 260 | |b Liên hiệp các hội văn học nghệ thuật TP HCM, |c 2018. | ||
| 852 | |a Phòng Đọc | ||
| 901 | |a 1 | ||
| 927 | |a Ấn phẩm định kỳ | ||
| OWN | |a LSK | ||
| AVA | |a UDN50 |b LSK |d 306.4 Ki-T |e available |t Error 5001 Not defined in file expand_doc_bib_avail. |f 1 |g 0 |h N |i 0 |k 1 | ||
| 999 | |a From the UDN01 | ||
| 852 | 1 | |b LSK |h 306.4 |i Ki-T | |
| 853 | |a 986 |b no. |u 36 |v r |i 2018 |j 1 |k 1 |w j |y pd0101,0110,0120,0201,0210,0220,0301,0310,0320,0401,0410,0420,0501,0510,0520,0601,0610,0620,0701,0710,0720,0801,0810,0820,0901,0910,0920,1001,1010,1020,1101,1110,1120,1201,1210,1220 | ||
| 853 | X | |9 00001 |a 1 |b 1 |i 2008 |j 1 |k 1 |3 20080101 | |
| AVA | |a UDN50 |b LSK |d 306.4 Ki-T |e available |t Error 5001 Not defined in file expand_doc_bib_avail. |f 1 |g 0 |h N |i 0 |k 1 | ||
| TYP | |a Monograph | ||
| TYP | |a Printed language | ||
| 980 | |a Mạng thư viện Đại học Đà Nẵng | ||